000 00345nam a22001577a 4500
003 SGT
020 _a9781119706458
082 _a720.47,KIB
100 _aKIBERT CHARLES J.
245 _aSUSTAINABLE CONSTRUCTION
250 _a5TH
260 _aCANADA
_bJOHAN WILEY
_c2022
300 _a634
650 _acivil engineering
942 _2ddc
_cBK
999 _c33283
_d33283